Stolice Afryki - Statystyki

Ogólne statystyki
  • Ten quiz został rozwiązany 914 razy
    751 od ostatniego zresetowania
  • Średni wynik to 29 z 57
Statystyki odpowiedzi
Państwo Stolica % Poprawnych
Algieria Algier
92%
Egipt Kair
91%
Maroko Rabat
77%
Kenia Nairobi
74%
Tunezja Tunis
74%
Dżibuti Dżibuti
72%
Senegal Dakar
70%
Madagaskar Antananarywa
69%
Etiopia Addis Abeba
68%
Gwinea Bissau Bissau
68%
Libia Trypolis
66%
Republika PołudniowejAfryki (wykonawcza) Pretoria
64%
Republika Południowej Afryki (ustawodawcza) Kapsztad
63%
Kongo (Dem. Rep.) Kinszasa
61%
Nigeria Abudża
60%
Angola Luanda
60%
Sudan Chartum
58%
Ghana Akra
56%
Sierra Leone Freetown
55%
Czad Ndżamena
54%
Somalia Mogadiszu
53%
Kongo (Rep.) Brazzaville
52%
Seszele Victoria
50%
Botswana Gaborone
49%
Erytrea Asmara
48%
Sudan Południowy Dżuba
48%
Burkina Faso Wagadugu
48%
Gabon Libreville
47%
Benin (oficjalne) Porto-Novo
47%
Tanzania Dodoma
46%
Zimbabwe Harare
46%
Rwanda Kigali
46%
Wyspy Świętego Tomasza i Książęca São Tomé
46%
Togo Lomé
44%
Niger Niamey
44%
Mali Bamako
43%
Gambia Bandżul
43%
Kamerun Jaunde
43%
Gwinea Konakry
43%
Liberia Monrovia
42%
Namibia Windhuk
42%
Zambia Lusaka
41%
Mauretania Nawakszut
40%
Uganda Kampala
39%
Mozambik Maputo
39%
Republika Śrokowoafrykańska Bangi
38%
Eswatini Mbabane
38%
Republika Zielonego Przylądka Praia
38%
Burundi Gitega
37%
Komory Moroni
37%
Lesotho Maseru
36%
Mauritius Port Louis
36%
Malawi Lilongwe
35%
Wybrzeże Kości Słoniowej Jamusukro
34%
Gwinea Równikowa Malabo
32%
Republika PołudniowejAfryki (sądowa) Bloemfontein
26%
Benin (de facto) Kotonu
12%
Nie znaleziono quizów pasujących do podanych kryteriów
Rozkład punktacji
Procent ludzi z każdym wynikiem
Percentyl według liczby udzielonych odpowiedzi
Twoja historia wyników
Nie rozwiązałeś tego quizu od ostatniego zresetowania